Catalog

Record Details

Catalog Search



The Dutch house : a novel  Cover Image Book Book

The Dutch house : a novel / Ann Patchett.

Patchett, Ann, (author.).

Summary:

At the end of the Second World War, Cyril Conroy combines luck and a single canny investment to begin an enormous real estate empire, propelling his family from poverty to enormous wealth. His first order of business is to buy the Dutch House, a lavish estate in the suburbs outside of Philadelphia. Meant as a surprise for his wife, the house sets in motion the undoing of everyone he loves. Cyril's son Danny and his older sister Maeve are exiled from the house where they grew up by their stepmother. The two wealthy siblings are thrown back into the poverty their parents had escaped from and find that all they have to count on is one another.

Record details

  • ISBN: 9780062963673
  • ISBN: 0062963678
  • Physical Description: 337 pages ; 24 cm.
  • Edition: First edition.
  • Publisher: New York : Harper, an imprint of HarperCollins Publishers, ©2019.
Subject: Brothers and sisters > Fiction.
Dysfunctional families > Fiction.
Stepmothers > Fiction.
Poverty > Fiction.
Inheritance and succession > Fiction.
Families > Fiction.
Genre: Epic fiction.
Historical fiction.
Domestic fiction.

Available copies

  • 1 of 1 copy available at scottsboropl.

Holds

  • 0 current holds with 1 total copy.
Show Only Available Copies
Location Call Number / Copy Notes Barcode Shelving Location Status Due Date
scottsboropl F Pat 32269001133795 Adult - Fiction Available -

LDR 01981cam a2200409 a 4500
001152565
003CONS
00520191112142831.0
008190610t20192019nyu e 000 1 eng
010 . ‡a 2019024072
020 . ‡a9780062963673 ‡q(hardcover)
020 . ‡a0062963678 ‡q(hardcover)
035 . ‡a(CPomAG)LMN614386
042 . ‡apcc
05000. ‡aPS3566.A7756 ‡bD88 2019
08200. ‡a813/.54 ‡223
1001 . ‡aPatchett, Ann, ‡eauthor.
24514. ‡aThe Dutch house : ‡ba novel / ‡cAnn Patchett.
250 . ‡aFirst edition.
264 1. ‡aNew York : ‡bHarper, an imprint of HarperCollins Publishers, ‡c©2019.
300 . ‡a337 pages ; ‡c24 cm.
336 . ‡atext ‡btxt ‡2rdacontent
337 . ‡aunmediated ‡bn ‡2rdamedia
338 . ‡avolume ‡bnc ‡2rdacarrier
520 . ‡aAt the end of the Second World War, Cyril Conroy combines luck and a single canny investment to begin an enormous real estate empire, propelling his family from poverty to enormous wealth. His first order of business is to buy the Dutch House, a lavish estate in the suburbs outside of Philadelphia. Meant as a surprise for his wife, the house sets in motion the undoing of everyone he loves. Cyril's son Danny and his older sister Maeve are exiled from the house where they grew up by their stepmother. The two wealthy siblings are thrown back into the poverty their parents had escaped from and find that all they have to count on is one another.
650 0. ‡aBrothers and sisters ‡vFiction.
650 0. ‡aDysfunctional families ‡vFiction.
650 0. ‡aStepmothers ‡vFiction.
650 0. ‡aPoverty ‡vFiction.
650 0. ‡aInheritance and succession ‡vFiction.
650 0. ‡aFamilies ‡vFiction.
655 7. ‡aEpic fiction. ‡2lcgft
655 7. ‡aHistorical fiction. ‡2lcgft
655 7. ‡aDomestic fiction. ‡2lcgft
914 . ‡aSCP_LP ‡dNAC_as
959 . ‡i32269001133795 ‡lF Pat ‡aAdult - Fiction ‡tHardback ‡g28.00
852 . ‡p32269001133795 ‡jF Pat ‡gAdult - Fiction ‡cHardback ‡y28.00 ‡bSBPL
901 . ‡a152565 ‡bUnknown ‡c152565 ‡tbiblio

Additional Resources